Vista normal
Vista MARC
Entrada Nombre personal
Número de registros utilizados en: 12
001 - NÚMERO DE CONTROL
- Campo de control: 26511
003 - IDENTIFICADOR DE NÚMERO DE CONTROL
- Campo de control: ES-MaCES
005 - FECHA Y HORA DE LA ULTIMA MODIFICACION
- Campo de control: 20040624141000.0
008 - ELEMENTOS DE DATOS DE LONGITUD FIJA
- Campo de longitud fija: 981124 | azznnaabn || aaa d
035 ## - NÚMERO DE CONTROL DEL SISTEMA
- Número de control del sistema: CES19980051387n
040 ## - FUENTE DE LA CATALOGACIÓN
- Agencia original de catalogación: ES-MaCES
- Idioma de catalogación: spa
- Agencia de transcripción: ES-MaCES
100 1# - ENCABEZAMIENTO--NOMBRE DE PERSONA
- Nombre personal: Zapata-Barrero, Ricard
400 1# - TRAZADO VEÁSE--NOMBRE DE PERSONA
- Nombre personal: Zapata Barrero, Ricard
400 1# - TRAZADO VEÁSE--NOMBRE DE PERSONA
- Nombre personal: Zapata-Barrero, Ricardo
670 ## - FUENTE DE DATOS ENCONTRADOS
- Fuente de citación: CD del CES
- Información encontrada: : la BN suprime el guión del apellido compuesto, contrariamente el CD del CES lo mantiene
901 ## - CES. DATOS SIRTEX
- ID Sirtex (N5N8): 0001500005138
- 005BIS Sirtex: 199811241305MIG

